00622nam a22002297a 450000500170000000800410001702000180005804100080007608200180008410000210010224500550012326000150017826000090019326000090020230000180021149000290022965000270025865000120028565000320029765000260032965000370035520260309164631.0170720b2009 xxu||||| |||| 00| 0 spa d a9789505742486 aESP a364.147 R594d aRiquert, Marcelo aDelincuencia informática en Argentina y Mercosur aArgentina  bEdir c2009 a258 páginas aInvestigación Criminal aDELITOS INFORMATICOS  aDERECHO aDELINCUENCIA INFORMÁTICA  aPROPIEDAD INTELECTUAL aPROTECCIÓN DE DATOS PERSONALES